Psychology of the child / (Record no. 104)
[ view plain ]
| 000 -LEADER | |
|---|---|
| fixed length control field | 01726cam a22002893u 4500 |
| 001 - CONTROL NUMBER | |
| control field | 8435933 |
| 005 - DATE AND TIME OF LATEST TRANSACTION | |
| control field | 20210414113845.0 |
| 006 - FIXED-LENGTH DATA ELEMENTS--ADDITIONAL MATERIAL CHARACTERISTICS | |
| fixed length control field | m d |
| 007 - PHYSICAL DESCRIPTION FIXED FIELD--GENERAL INFORMATION | |
| fixed length control field | cr n |
| 008 - FIXED-LENGTH DATA ELEMENTS--GENERAL INFORMATION | |
| fixed length control field | 110201nuuuu ||||||||s|||||||| ||||| d |
| 035 ## - SYSTEM CONTROL NUMBER | |
| System control number | (WaSeSS)ssib002851301 |
| 040 ## - CATALOGING SOURCE | |
| Original cataloging agency | WaSeSS |
| Transcribing agency | WaSeSS |
| Modifying agency | WaSeSS |
| 050 ## - LIBRARY OF CONGRESS CALL NUMBER | |
| Classification number | BF721.W33 |
| 100 1# - MAIN ENTRY--PERSONAL NAME | |
| Personal name | Watson, Robert I. |
| 210 10 - ABBREVIATED TITLE | |
| Abbreviated title | Psychology of the child : |
| 245 10 - TITLE STATEMENT | |
| Title | Psychology of the child / |
| Remainder of title | personal, social, and disturbed child development |
| Statement of responsibility, etc. | Watson, Robert I. |
| 250 ## - EDITION STATEMENT | |
| Edition statement | 2d ed. |
| 260 ## - PUBLICATION, DISTRIBUTION, ETC. | |
| Place of publication, distribution, etc. | New York |
| Name of publisher, distributor, etc. | John Wiley & Sons, Inc. |
| Date of publication, distribution, etc. | 1967 |
| 300 ## - PHYSICAL DESCRIPTION | |
| Extent | ix, 635 p. |
| Dimensions | 24 cm. |
| 500 ## - GENERAL NOTE | |
| General note | Includes bibliographical references. |
| 505 ## - FORMATTED CONTENTS NOTE | |
| Formatted contents note | Contents: Principles of development : History of the study of the child -- The Scientific study of the child -- The Process of development -- Socialization, behavior tendencies, and personality -- Personality, behavior theory, and psychoanalysis -- Infancy : Prenatal development, childbirth, and the neonate -- Individual development -- Parental influences -- Behavior tendencies, self, and peer relationships -- Psychoanalytic contentions -- Early childhood : Individual development -- Parental influences -- Behavior tendencies, self, and peer relationships -- Psychoanalytic contentions -- Later childhood: Individual development -- Parental influences, behavior tendencies, and the self -- Peer and school relationships -- Psychoanalytic contentions. |
| 506 ## - RESTRICTIONS ON ACCESS NOTE | |
| Terms governing access | License restrictions may limit access. |
| 773 #0 - HOST ITEM ENTRY | |
| Title | APA PsycBooks |
| 856 40 - ELECTRONIC LOCATION AND ACCESS | |
| Uniform Resource Identifier | <a href="http://www.columbia.edu/cgi-bin/cul/resolve?clio8435933">http://www.columbia.edu/cgi-bin/cul/resolve?clio8435933</a> |
| Public note | Full text available from APA PsycBooks |
| 910 ## - USER-OPTION DATA (OCLC) | |
| User-option data | Serials Solutions supplemental brief record |
| 942 ## - ADDED ENTRY ELEMENTS (KOHA) | |
| Source of classification or shelving scheme | Library of Congress Classification |
| Koha item type | Books |
| Withdrawn status | Lost status | Source of classification or shelving scheme | Damaged status | Not for loan | Home library | Current library | Shelving location | Date acquired | Total Checkouts | Full call number | Barcode | Date last seen | Price effective from | Koha item type |
|---|---|---|---|---|---|---|---|---|---|---|---|---|---|---|
| Library of Congress Classification | WISCONSIN INTERNATIONAL UNIVERSITY COLLEGE, GHANA - MAIN LIBRARY | WISCONSIN INTERNATIONAL UNIVERSITY COLLEGE, GHANA - MAIN LIBRARY | General Stacks | 13/09/2011 | BF721.W33 | 269/11 | 13/09/2011 | 13/09/2011 | Books |
